000 00643nam a2200253Ia 4500
003 OSt
005 20221005123135.0
006 a|||||r|||| 00| 0
007 ta
008 221004b |||||||| |||| 00| 0 mal d
024 _a54793
037 _cTextual
040 _aCRL
_cCRL
_bmal
041 _2mal
_amal
082 _aO32,1M99,1, J5
100 _aMenon Raman
_9632234
245 0 _aKowaman onthkam
260 _c1955
300 _a171p.
_ccm.
650 _a MALAYALAM POETRY
_9185636
650 _aMALAYALAM LITERATURE
_938866
942 _hO32,1M99,1, J5
_cTEXL
_2cc
999 _c1046509
_d1046509